000 00421nam a2200169Ia 4500
008 230524s9999 xx 000 0 und d
020 _a9788180141966
082 _a629.222
_bSIN
100 _aKirpal Singh
245 0 _aAutomobile Engineering Vol-1
250 _a13
260 _aNew Delhi
_bStandard Publishers
_c2013
300 _a"1;739p,"
500 _aQuantity Number: 25
650 _aMechanics
942 _cBK
999 _c54100
_d54100